Estatísticas para Campeões Fórmula 2

Clique aqui para jogar o quiz

Estatísticas Gerais

  • Esse quiz foi jogado 27 vezes
    (7 desde o último reset)
  • A pontuação média é 6 de 29

Estatísticas das Respostas

NacionalidadeAnoPiloto campeão% Correto
Neozelandês2021Oscar Piastri
100%
Monegasco2017Charles Leclerc
83%
Brasileiro2022Felipe Drugovich
83%
Britânico2018George Russel
83%
Alemão2020Mick Schumacher
67%
Holandês2019Nyck de Vries
67%
Francês2023Theo Pourchaire
50%
Britânico1983Jonathan Palmer
17%
Espanhol2009Andy Soucek
0%
Britânico1980Brian Henton
0%
Italiano1978Bruno Giaconelli
0%
Suíço1970Clay Regazzoni
0%
Italiano1982Corrado Fabi
0%
Britânco2010Dean Stoneman
0%
Britânico1981Geoff Lees
0%
Belga1967Jacky Ickx
0%
Francês1975Jacques Laffite
0%
Francês1968Jean-Pierre Beltoise
0%
Francês1976Jean-Pierre Jabouille
0%
Francês1973Jean-Pierre Jarrier
0%
Francês1969Johnny Servoz-Gavin
0%
Britânico2012Luciano Bacheta
0%
Suíço1979Marc Surer
0%
Britânico1972Mike Hailwood
0%
Neozelandês1984Mike Thackwell
0%
Italiano2011Mirko Bortolotti
0%
Francês1974Patrick Depailler
0%
Francês1977René Arnoux
0%
Sueco1971Ronnie Peterson
0%

Distribuição das Pontuações

Percentil de Números Respondidos

Porcentagem de Pessoas com Cada Pontuação

Sua Pontuação Histórica

Você não jogou esse quiz desde o último reset